Pays avec moins de 1 million d'habitants - Statistiques

Statistiques générales
  • Ce quiz a été pris 41 fois
  • Le résultat moyen est 28 sur 38
Statistiques - réponses
Hint Réponse % Correct
496 Vatican
100%
80 856 Andorre
95%
38 956 Monaco
95%
33 733 Saint-Marin
95%
39 598 Liechtenstein
87%
665 098 Luxembourg
82%
179 285 Sainte-Lucie
82%
320 409 Vanuatu
82%
66 510 Dominique
79%
532 956 Malte
79%
216 663 Samoa
79%
11 875 Nauru
76%
46 758 Saint-Christophe-et-Niévès
76%
522 331 Cap-Vert
74%
850 387 Comores
74%
924 145 Fidji
74%
38 827 Îles Marshall
74%
101 323 Saint-Vincent-et-les-Grenadines
74%
127 951 Seychelles
74%
104 597 Tonga
74%
9 816 Tuvalu
74%
93 316 Antigua-et-Barbuda
71%
399 440 Bahamas
71%
282 336 Barbade
71%
800 005 Îles Salomon
71%
387 558 Islande
71%
230 871 Sao Tomé-et-Principe
71%
411 106 Bélize
68%
112 630 États fédérés de Micronésie
68%
132 530 Kiribati
68%
17 272 Palaos
63%
786 385 Bhoutan
61%
117 081 Grenade
61%
826 353 Guyana
58%
633 552 Monténégro
55%
458 949 Brunei
53%
525 994 Maldives
53%
628 886 Suriname
47%
Aucun quiz correspondant
Distribution des résultats
% des personnes avec chaque résultat
Percentile par nombre de réponses
Votre historique - résultats
Vous n’avez pas pris ce quiz